Charakteristika a štruktúra analytických nástrojov pri riadení finančných rizík bakalárska práca

Enregistré dans:
Détails bibliographiques
Auteur principal: Gabura, Michal
Collectivité auteur: Národohospodárska fakulta EU. Katedra financií
Autres auteurs: Hocman, František, 1983-
Format: Livre
Langue:slovaque
Publié: Bratislava 2020
Tags: Ajouter un tag
Pas de tags, Soyez le premier à ajouter un tag!

MARC

LEADER 00000nbm a2200000 4500
001 0265482
005 20200925132122.4
041 0 |a slo 
044 |a SK 
245 1 0 |a Charakteristika a štruktúra analytických nástrojov pri riadení finančných rizík  |b bakalárska práca  |c Michal Gabura ; školiteľ: František Hocman 
264 1 |a Bratislava  |c 2020 
300 |a 42 s. 
100 1 |a Gabura, Michal 
700 1 |a Hocman, František, 1983- 
710 2 |a Národohospodárska fakulta EU. Katedra financií